LIFE CYCLE ASSESSMENT OF SOUTHERN PINK SHRIMP PRODUCTS FROM SENEGAL : (Record no. 10474)

MARC details
000 -LEADER
fixed length control field 01096nam a22002537a 4500
001 - CONTROL NUMBER
control field 13158
003 - CONTROL NUMBER IDENTIFIER
control field HDC
007 - PHYSICAL DESCRIPTION FIXED FIELD--GENERAL INFORMATION
fixed length control field cr bn ---
008 - FIXED-LENGTH DATA ELEMENTS--GENERAL INFORMATION
fixed length control field 210212 my |0 eneng
040 ## - CATALOGING SOURCE
Original cataloging agency HDC
100 ## - MAIN ENTRY--PERSONAL NAME
Personal name Ziegler, Friederike
Relator term author
9 (RLIN) 13987
245 #0 - TITLE STATEMENT
Title LIFE CYCLE ASSESSMENT OF SOUTHERN PINK SHRIMP PRODUCTS FROM SENEGAL :
Remainder of title An environmental comparison between artisanal fisheries in the Casamance region and a trawl fishery based in Dakar /
Statement of responsibility, etc. by Friederike Ziegler, John Lucas Eichelsheim, Andreas Emanuelsson, Anna Flysjö, Vaque Ndiaye,Mikkel Thrane
260 ## - PUBLICATION, DISTRIBUTION, ETC.
Place of publication, distribution, etc. Rome :
Name of publisher, distributor, etc. FOOD AND AGRICULTURE ORGANIZATION OF THE UNITED NATIONS ,
Date of publication, distribution, etc. 2009
300 ## - PHYSICAL DESCRIPTION
Extent 86 pages
336 ## - CONTENT TYPE
Content type term text
Source rdacontent
337 ## - MEDIA TYPE
Media type term computer
Source rdamedia
338 ## - CARRIER TYPE
Carrier type term online resource
Source rdacarrier
650 ## - SUBJECT ADDED ENTRY--TOPICAL TERM
Topical term or geographic name entry element Agriculture
9 (RLIN) 1238
650 ## - SUBJECT ADDED ENTRY--TOPICAL TERM
Topical term or geographic name entry element Aquaculture
9 (RLIN) 13985
856 ## - ELECTRONIC LOCATION AND ACCESS
Public note Request full-text at [email protected]
942 ## - ADDED ENTRY ELEMENTS (KOHA)
Source of classification or shelving scheme Library of Congress Classification
942 ## - ADDED ENTRY ELEMENTS (KOHA)
Koha item type E-Book
942 ## - ADDED ENTRY ELEMENTS (KOHA)
Call number prefix EBOK 002087
Holdings
Withdrawn status Lost status Source of classification or shelving scheme Damaged status Not for loan Home library Current library Shelving location Date acquired Total checkouts Full call number Date last seen Price effective from Koha item type
    Library of Congress Classification     Halal Development Corporation Library Halal Development Corporation Library Open Shelves 24/05/2023   EBOK 002087 24/05/2023 24/05/2023 E-Book
Halal Development Corporation Berhad (HDC)
5.02 Level 5, KPMG Tower, First Avenue, Persiaran Bandar Utama, 47800 Petaling Jaya, Selangor Darul Ehsan
Phone: +603 7965 5489 Email: [email protected]